[Event "2nd League CS-East 2011"]
[Site ""]
[Date "2011.10.13"]
[Round "6.11"]
[White "Nikolic, Stanimir"]
[Black "Petkovic, Dragoslav"]
[Result "1-0"]
[WhiteElo "2277"]
[BlackElo "2194"]
[PlyCount "0"]
[EventDate "2011.09.11"]

1.d4 d6 2.Nf3 Bg4 3.Nbd2 Nf6 4.g3 c6 5.Bg2 Qc8 6.h3 Bh5 7.c4
e6 8.b3 Qc7 9.Bb2 Bxf3 10.Nxf3 Qa5+ 11.Kf1 Be7 12.Qc2 Nbd7 13.h4
d5 14.c5 Ne4 15.a3 b6 16.b4 Qa6 17.Kg1 f5 18.Rc1 Rc8 19.e3 O-O
20.Kh2 h6 21.Bf1 Qb7 22.Kg2 Ndf6 23.Qd3 Ng4 24.Rc2 Qb8 25.Ne5
bxc5 26.bxc5 Nxe5 27.dxe5 Nxc5 28.Qd1 Nd7 29.f4 c5 30.g4 Qb3
31.gxf5 1-0

[Event "2nd League CS-East 2011"]
[Site ""]
[Date "2011.10.13"]
[Round "6.12"]
[White "Puzic, Slobodan"]
[Black "Rajkovic, Ljubisa"]
[Result "1-0"]
[WhiteElo "2138"]
[BlackElo "2184"]
[PlyCount "0"]
[EventDate "2011.09.11"]

1.f4 Nf6 2.Nf3 c5 3.e3 Nc6 4.b3 g6 5.Bb2 Bg7 6.Be2 O-O 7.O-O
d6 8.c4 Bd7 9.h3 Nh5 10.Bxg7 Nxg7 11.Nc3 a6 12.a3 Rb8 13.Qc2
e5 14.fxe5 dxe5 15.Qb2 f6 16.b4 b6 17.Ne1 Qe7 18.Nd5 Qd6 19.Nc2
Bf5 20.d3 Bd7 21.Bf3 Ne6 22.Rad1 b5 23.Qc3 Rf7 24.d4 cxd4 25.exd4
Ncxd4 26.c5 Qf8 27.Nxd4 Nxd4 28.Rxd4 exd4 29.Qxd4 Rd8 30.Qc3
Be6 31.Rd1 Kg7 32.Rd4 Bxd5 33.Bxd5 Rc7 34.h4 Qe8 35.Re4 Re7 36.Rxe7+
Qxe7 37.Bf3 h5 38.c6 Qd6 39.Qe3 Qd4 40.Kf2 Kf8 41.Qxd4 Rxd4 42.Ke3
Rc4 1-0

[Event "2nd League CS-East 2011"]
[Site ""]
[Date "2011.10.13"]
[Round "6.13"]
[White "Milunovic, Toni"]
[Black "Susulic, Zivan"]
[Result "1/2-1/2"]
[WhiteElo "2283"]
[BlackElo "2086"]
[PlyCount "0"]
[EventDate "2011.09.11"]

1.d4 d5 2.c4 e6 3.Nc3 Nf6 4.e3 Nbd7 5.Nf3 c6 6.Qc2 Be7 7.b3 O-O
8.Bd3 Re8 9.O-O Nf8 10.Bb2 N6d7 11.e4 dxe4 12.Nxe4 f5 13.Nc3
Bf6 14.Rad1 Qe7 15.Rfe1 g6 16.Na4 Qg7 17.Ba3 b6 18.Bd6 Bb7 19.b4
g5 20.Ne5 Nxe5 21.dxe5 Be7 22.c5 b5 23.Nc3 Ng6 24.a4 a6 25.Qb3
Qf7 26.Bf1 Bf8 27.Bxf8 Rxf8 28.Rd6 Rae8 29.Qd1 Qg7 30.Qd4 Rf7
31.g3 g4 32.Bg2 Rc7 33.axb5 axb5 34.Rd8 Qe7 35.Rxe8+ Qxe8 36.Rd1
Nf8 37.Qe3 Qe7 38.Rd6 Qf7 1/2-1/2

[Event "2nd League CS-East 2011"]
[Site ""]
[Date "2011.10.13"]
[Round "6.15"]
[White "Arsenijevic, Ivan"]
[Black "Nikolic, Vojislav B"]
[Result "1-0"]
[WhiteElo "2180"]
[BlackElo "1962"]
[PlyCount "0"]
[EventDate "2011.09.11"]

1.d4 d5 2.Nf3 Nf6 3.c4 c6 4.Nc3 e6 5.cxd5 exd5 6.Bg5 Be7 7.Qc2
Nbd7 8.e3 O-O 9.Bd3 h6 10.Bh4 Re8 11.O-O-O Qa5 12.Rdg1 c5 13.g4
c4 14.Bf5 Nf8 15.g5 hxg5 16.Bxg5 N6h7 17.Bh6 Bf6 18.Rg3 Bxf5
19.Qxf5 Ng6 20.Ng5 Nxg5 21.Bxg5 Bxg5 22.Qxg5 Qd8 23.Nxd5 Qxg5
24.Rxg5 Rad8 25.h4 Re6 26.h5 Ne7 27.Nxe7+ Rxe7 28.Rhg1 f6 29.Rc5
Kh7 30.Rh1 Kh6 31.Kd2 b6 32.Rxc4 Rd5 33.Rc8 Kh7 34.Kd3 Red7 35.a3
a5 36.Kc3 b5 37.Rc5 Kg8 38.h6 Rxc5+ 39.dxc5 g5 40.h7+ Kh8 41.b3
Rd5 42.b4 a4 43.e4 Rd7 44.Rh6 Rf7 45.c6 f5 46.exf5 Rxf5 47.c7
Rf3+ 48.Kd4 Rf4+ 49.Kd5 1-0

[Event "2nd League CS-East 2011"]
[Site ""]
[Date "2011.10.13"]
[Round "6.21"]
[White "Radosavljevic, Slobodan D"]
[Black "Delchev, Aleksander"]
[Result "0-1"]
[WhiteElo "2248"]
[BlackElo "2620"]
[PlyCount "0"]
[EventDate "2011.09.11"]

1.c4 e5 2.g3 Nc6 3.Bg2 f5 4.d3 Nf6 5.Nc3 Bb4 6.Bd2 O-O 7.a3 Bxc3
8.Bxc3 d6 9.Nf3 Qe8 10.O-O Qh5 11.b4 f4 12.b5 Ne7 13.c5 Bh3 14.cxd6
cxd6 15.Qb3+ Kh8 16.Bxh3 Qxh3 17.Ng5 Qh5 18.Nf3 Ng4 19.Ra2 Qh3
20.Qe6 Nf5 21.Qd5 fxg3 22.hxg3 Nfe3 0-1

[Event "2nd League CS-East 2011"]
[Site ""]
[Date "2011.10.13"]
[Round "6.22"]
[White "Nestorovic, Lazar"]
[Black "Komnenic, Branko"]
[Result "1-0"]
[WhiteElo "2397"]
[BlackElo "2298"]
[PlyCount "0"]
[EventDate "2011.09.11"]

1.e4 c6 2.d4 d5 3.e5 Bf5 4.Nc3 e6 5.g4 Bg6 6.Nge2 h6 7.Be3 Nd7
8.Qd2 a6 9.Ng3 Bb4 10.O-O-O Qa5 11.Kb1 Nb6 12.a3 Bxc3 13.Qxc3
Qxc3 14.bxc3 Na4 15.Bd2 b5 16.f4 Ne7 17.Be2 Be4 18.Rhf1 g6 19.Rf2
c5 20.Re1 cxd4 21.cxd4 Rc8 22.Bd1 Nc3+ 23.Bxc3 Rxc3 24.Kb2 Rc4
25.Nxe4 dxe4 26.Rxe4 O-O 27.Be2 Rc7 28.Re3 Rd8 29.Rd3 Rcd7 30.c3
a5 31.Bf3 b4 32.Rfd2 bxc3+ 33.Kxc3 g5 34.f5 exf5 35.gxf5 Nxf5
36.d5 Rc7+ 37.Kb2 Re7 38.Re2 Nh4 39.d6 Ree8 40.Bh5 Kg7 41.Rf2
Ng6 42.Bxg6 Kxg6 43.Rf6+ Kg7 44.Rf5 Kg6 45.Rdf3 Rd7 46.Kc3 Re6
47.Rf6+ Rxf6 48.Rxf6+ Kg7 49.Kc4 Rb7 50.Kc5 Rb2 51.d7 1-0

[Event "2nd League CS-East 2011"]
[Site ""]
[Date "2011.10.13"]
[Round "6.23"]
[White "Popovic, Djordje D"]
[Black "Trickovic, Borivoje"]
[Result "0-1"]
[WhiteElo "2261"]
[BlackElo "2211"]
[PlyCount "0"]
[EventDate "2011.09.11"]

1.d4 d6 2.c4 e5 3.e4 exd4 4.Qxd4 Nf6 5.Nc3 Be7 6.b3 O-O 7.Bb2
c6 8.Nge2 Nbd7 9.g3 Ne5 10.Bg2 Bh3 11.O-O Bxg2 12.Kxg2 Qc7 13.f3
Rfd8 14.Rfd1 Ne8 15.Qe3 Bf8 16.h3 Qe7 17.Na4 g6 18.Bd4 b6 19.Bb2
Rac8 20.Nac3 Bg7 21.Nd4 Nd7 22.Qd2 Nc5 23.Re1 Ne6 24.Nc2 h5 25.h4
Kh7 26.Rad1 Bh6 27.Qf2 Bg7 28.Ba1 Qb7 29.Ne3 a6 30.Ne2 Bxa1 31.Rxa1
Nf6 32.Red1 Qe7 33.Nc3 a5 34.Rac1 Nc5 35.Rd4 Re8 36.Rcd1 Rcd8
37.Qc2 Ne6 38.R4d2 Nc5 39.a3 Na6 40.Qb2 Nc5 41.Qc2 Na6 42.Qb2
Nc5 43.b4 axb4 44.axb4 Ncxe4 45.fxe4 Nxe4 46.Nf1 Nxd2 47.Rxd2
d5 48.cxd5 cxd5 49.Re2 Qb7 50.Rxe8 Rxe8 51.Ne2 d4+ 52.Kg1 d3
53.Nf4 Qd7 0-1

[Event "2nd League CS-East 2011"]
[Site ""]
[Date "2011.10.13"]
[Round "6.24"]
[White "Mincic, Srbislav"]
[Black "Stefanovic, Vladimir"]
[Result "1-0"]
[WhiteElo "2288"]
[BlackElo "2204"]
[PlyCount "0"]
[EventDate "2011.09.11"]

1.e4 c5 2.Nf3 g6 3.c3 Bg7 4.Be2 Nc6 5.O-O Nf6 6.d3 d6 7.Nbd2
O-O 8.Re1 Rb8 9.Qc2 Nd7 10.Nf1 b5 11.Be3 Nde5 12.Nxe5 Nxe5 13.d4
cxd4 14.Bxd4 Qc7 15.Rad1 Be6 16.Ne3 Nc4 17.Nd5 Bxd5 18.exd5 Rfe8
19.b3 Ne5 20.Qb2 a6 21.Rc1 Bh6 22.Rcd1 Nd7 23.c4 b4 24.Rd3 Bg5
25.Bg4 Bf6 26.Bxd7 Bxd4 27.Qxd4 Qxd7 28.Rde3 a5 29.h4 e5 30.dxe6
Rxe6 31.h5 Rbe8 32.h6 f6 33.Qd5 Kf7 34.g4 Qc8 35.Kg2 g5 36.Rf3
R8e7 37.Re4 1-0

[Event "2nd League CS-East 2011"]
[Site ""]
[Date "2011.10.13"]
[Round "6.25"]
[White "Nesic, Nebojsa"]
[Black "Petrov, Georgi"]
[Result "1/2-1/2"]
[WhiteElo "2175"]
[BlackElo "2231"]
[PlyCount "0"]
[EventDate "2011.09.11"]

1.d4 d5 2.Nf3 Nf6 3.c4 e6 4.Nc3 Be7 5.Bf4 O-O 6.e3 c6 7.Bd3 Nbd7
8.O-O Nh5 9.Qc2 h6 10.Be5 dxc4 11.Bxc4 Nhf6 12.Rad1 b6 13.e4
Bb7 14.Bxf6 Nxf6 15.e5 Nd5 16.Qe4 Re8 17.Bd3 g6 18.h4 h5 19.Ne2
Kg7 20.g4 hxg4 21.Qxg4 Rh8 22.Kg2 Bxh4 23.Rh1 c5 24.Be4 Be7 25.Rxh8
Qxh8 26.dxc5 bxc5 27.Rh1 Qg8 28.Ng3 Kf8 29.Ng5 Bxg5 30.Qxg5 Qg7
31.Rc1 Kg8 32.Rxc5 Qf8 33.Rc4 Rc8 34.b3 Qd8 35.Qg4 Kf8 36.Kg1
Ba6 37.Ra4 Rc1+ 38.Kg2 Qb6 39.Bxd5 exd5 40.Rb4 Qc7 41.e6 Bc8
42.Qd4 Bxe6 43.Ra4 a5 44.b4 Rc4 45.Qh8+ Ke7 46.Rxa5 Rxb4 47.Ra8
Rb7 48.Ne2 Ra7 49.Qh4+ Kd7 50.Rxa7 Qxa7 51.Nc3 Qa6 52.Qd4 1/2-1/2

[Event "2nd League CS-East 2011"]
[Site ""]
[Date "2011.10.13"]
[Round "6.26"]
[White "Randjelovic, Dragana"]
[Black "Illijin, Neboisa"]
[Result "0-1"]
[WhiteElo "2065"]
[BlackElo "2174"]
[PlyCount "0"]
[EventDate "2011.09.11"]

1.e4 c5 2.Nf3 e6 3.d4 cxd4 4.Nxd4 Nf6 5.Nc3 Nc6 6.f4 Bb4 7.Nxc6
bxc6 8.Bd3 d5 9.exd5 exd5 10.O-O O-O 11.a3 Bc5+ 12.Kh1 Ng4 13.Qe1
Re8 14.Qg3 Qf6 15.h3 Nh6 16.f5 Nxf5 17.Qg4 h5 18.Qf3 g6 19.g4
hxg4 20.Qxg4 Qg7 21.Bxf5 Bxf5 22.Qg3 Re6 23.Bf4 Rae8 24.Rad1
Be3 25.Rf3 d4 26.Rxe3 Rxe3 27.Bxe3 Rxe3 28.Qb8+ Kh7 29.Qxa7 Qh6 0-1

[Event "2nd League CS-East 2011"]
[Site ""]
[Date "2011.10.13"]
[Round "6.31"]
[White "Dinic, Dragan"]
[Black "Livaja, Mario"]
[Result "1/2-1/2"]
[WhiteElo "2290"]
[BlackElo "2228"]
[PlyCount "0"]
[EventDate "2011.09.11"]

1.e4 c5 2.Nf3 Nc6 3.b3 e6 4.Bb5 d6 5.Bb2 Bd7 6.O-O Nf6 7.Re1
Be7 8.d4 cxd4 9.Nxd4 Nxd4 10.Bxd7+ Nxd7 11.Bxd4 O-O 12.c4 Bf6
13.Nc3 a6 14.Rc1 Qc7 15.Ne2 Rfd8 16.Ng3 Qa5 17.Re2 Rac8 18.Be3
Be7 19.Rd2 b5 20.cxb5 axb5 21.Rdc2 Rxc2 22.Rxc2 Nf6 23.Qd2 Qxd2
24.Bxd2 Ra8 25.Kf1 Bf8 26.Bg5 Nd7 27.Ke2 h6 28.Bd2 Nf6 1/2-1/2

[Event "2nd League CS-East 2011"]
[Site ""]
[Date "2011.10.13"]
[Round "6.32"]
[White "Stojanovic, Zoran H"]
[Black "Vebel, Goran"]
[Result "1/2-1/2"]
[WhiteElo "2165"]
[BlackElo "2104"]
[PlyCount "0"]
[EventDate "2011.09.11"]

1.e4 c5 2.Nf3 d6 3.Nc3 Nf6 4.e5 dxe5 5.Nxe5 Nbd7 6.Nc4 Nb6 7.Ne3
g6 8.a4 Bg7 9.a5 Nbd5 10.Nexd5 Nxd5 11.Ne4 O-O 12.Nxc5 Qc7 13.Nb3
Nb4 14.c3 Bf5 15.cxb4 Bc2 16.Qf3 Qd6 17.Nc5 Rac8 18.Be2 b6 19.axb6
axb6 20.Na6 e5 21.O-O e4 22.Qh3 Bd3 23.Bxd3 exd3 24.Ra3 Rfd8
25.b5 Rc4 26.b4 Bf6 27.Rb3 Rc2 28.Rd1 Qd5 29.Ra3 Qxb5 30.Qf3
Kg7 31.h3 Qc4 32.Kh2 h5 33.g3 g5 34.Re1 g4 35.hxg4 hxg4 36.Qf5
Rd5 37.Qe4 Rxc1 38.Qxc4 Rxc4 39.Re3 Rcd4 40.Nc7 Rh5+ 41.Kg2 Rxb4
42.Ne8+ Kg6 43.Nxf6 Kxf6 44.Raxd3 Re5 1/2-1/2

[Event "2nd League CS-East 2011"]
[Site ""]
[Date "2011.10.13"]
[Round "6.33"]
[White "Mijovic, Cedomir"]
[Black "Ristic, Milan"]
[Result "0-1"]
[WhiteElo "1961"]
[BlackElo "2113"]
[PlyCount "0"]
[EventDate "2011.09.11"]

1.d4 e6 2.c4 d5 3.e3 Nf6 4.Nf3 Be7 5.Bd3 O-O 6.O-O dxc4 7.Bxc4
c5 8.dxc5 Bxc5 9.a3 b6 10.b4 Bd6 11.Bb2 Qc7 12.Nbd2 Bb7 13.Rc1
Qe7 14.Bd3 Nbd7 15.Nc4 Bb8 16.Qe2 Nd5 17.g3 N5f6 18.e4 a5 19.bxa5
bxa5 20.e5 Nd5 21.Be4 Nc5 22.Bb1 g6 23.Nfd2 Ba6 24.Rfe1 Nb6 25.Qe3
Nxc4 26.Nxc4 Ba7 27.Bd4 a4 28.Nd6 Nb3 29.Bxa7 Nxc1 30.Bc5 Nb3
31.Bb4 Rfb8 32.Nf5 Qd8 33.Be7 Qd2 34.Nh6+ Kg7 35.Bf6+ Kf8 36.Be4
Qxe3 37.Rxe3 Nd2 38.f3 Nxe4 39.fxe4 Rb3 40.Re1 Rab8 41.Bg5 Rb1
42.Bd2 Rxe1+ 43.Bxe1 Be2 44.Kf2 Bd1 0-1

[Event "2nd League CS-East 2011"]
[Site ""]
[Date "2011.10.13"]
[Round "6.34"]
[White "Ostojic, Nikola M"]
[Black "Stanojlovic, Vladimir"]
[Result "1/2-1/2"]
[WhiteElo "2081"]
[BlackElo "2110"]
[PlyCount "0"]
[EventDate "2011.09.11"]

1.d4 Nf6 2.c4 g6 3.Nc3 d5 4.cxd5 Nxd5 5.e4 Nxc3 6.bxc3 Bg7 7.Nf3
c5 8.Rb1 O-O 9.Be2 Qa5 10.Rb5 Qxa2 11.Rxc5 b6 12.Rc4 Bd7 13.Rb4
Rc8 14.Bd2 Qe6 15.Ng5 Qd6 16.e5 Qc7 17.e6 Bxe6 18.Nxe6 fxe6 19.Bc4
Qd6 20.Qg4 Rc6 21.Bf4 Qd8 22.Bxe6+ Kh8 23.Rb3 Na6 24.O-O Nc7
25.Re1 Nd5 26.Qf3 Rxe6 27.Rxe6 Nxf4 28.Qxf4 Rc8 29.Re3 Qd5 30.Ra3
Bxd4 31.Qe4 Qxe4 32.Rxe4 e5 33.Kf1 1/2-1/2

[Event "2nd League CS-East 2011"]
[Site ""]
[Date "2011.10.13"]
[Round "6.35"]
[White "Milosavljevic, Milica"]
[Black "Djordjevic, Danilo"]
[Result "0-1"]
[WhiteElo "1896"]
[BlackElo "1947"]
[PlyCount "0"]
[EventDate "2011.09.11"]

1.c4 d5 2.cxd5 Nf6 3.Nc3 Nxd5 4.g3 Nxc3 5.bxc3 g6 6.Bg2 Bg7 7.Qa4+
c6 8.Nf3 Nd7 9.O-O O-O 10.Rb1 e5 11.d4 exd4 12.cxd4 Nb6 13.Qa5
Bf5 14.Rb4 Re8 15.Ne5 Qc8 16.e4 Bh3 17.Re1 Bxg2 18.Kxg2 Nd7 19.Nc4
b6 20.Qg5 Bf8 21.Rb1 Qa6 22.Nd2 Qxa2 23.Rb2 Qa4 24.Nf3 Bg7 25.Rbe2
Qc4 26.Bb2 c5 27.Qd5 Qxd5 28.exd5 Rxe2 29.Rxe2 Rd8 30.dxc5 Nxc5
31.Bxg7 Kxg7 32.Re7 Rd7 33.d6 Kf8 34.Ne5 Rxe7 35.dxe7+ Kxe7 36.Nc6+
Kd6 37.Nxa7 Ne6 38.Nb5+ Kc5 39.Nc3 b5 40.f4 f5 41.Kf3 Kc4 42.Ne2
Nd4+ 0-1

[Event "2nd League CS-East 2011"]
[Site ""]
[Date "2011.10.13"]
[Round "6.37"]
[White "Milenkovic, Jovica"]
[Black "Bozilov, Dragan"]
[Result "1-0"]
[WhiteElo "2184"]
[BlackElo "1887"]
[PlyCount "0"]
[EventDate "2011.09.11"]

1.d4 c6 2.Nf3 Nf6 3.Bf4 d5 4.e3 Bg4 5.c4 dxc4 6.Bxc4 e6 7.h3
Bh5 8.Nc3 Bb4 9.O-O Qa5 10.Rc1 Bxc3 11.bxc3 Nd5 12.Bd6 Nxc3 13.Qb3
Ne4 14.Bb4 Qc7 15.g4 Bg6 16.Rfd1 a5 17.Ba3 Nd6 18.Bxd6 Qxd6 19.Qxb7
Be4 20.Ng5 1-0

[Event "2nd League CS-East 2011"]
[Site ""]
[Date "2011.10.13"]
[Round "6.41"]
[White "Devetak, Dusan"]
[Black "Biljanic, Ljubomir"]
[Result "0-1"]
[WhiteElo "2204"]
[BlackElo "2297"]
[PlyCount "0"]
[EventDate "2011.09.11"]

1.e4 e5 2.Nf3 Nc6 3.d4 exd4 4.Nxd4 Bc5 5.Be3 Qf6 6.c3 Nge7 7.Bc4
O-O 8.O-O Ne5 9.Be2 Qg6 10.Bh5 Qxe4 11.Nd2 Qd5 12.c4 Nxc4 13.Nxc4
Qxc4 14.Rc1 Qd5 15.Bf3 Qe5 16.Rxc5 Qxc5 17.Nc6 Qxc6 18.Bxc6 Nxc6
19.b4 a6 20.Qb3 d6 21.a4 Be6 22.Qc3 Rfc8 23.b5 axb5 24.axb5 Ne7
25.Bg5 Nd5 26.Qg3 Kh8 27.h3 Ra5 28.Rb1 b6 29.Bd2 Ra2 30.Bc3 f6
31.Bb4 Bf7 32.Qf3 Re8 33.Qf5 Kg8 34.Qd7 Ra4 35.Rd1 0-1

[Event "2nd League CS-East 2011"]
[Site ""]
[Date "2011.10.13"]
[Round "6.42"]
[White "Kajganovic, Miodrag"]
[Black "Dodic, Dragan"]
[Result "1-0"]
[WhiteElo "2270"]
[BlackElo "2136"]
[PlyCount "0"]
[EventDate "2011.09.11"]

1.d4 d5 2.Nf3 Nf6 3.c4 e6 4.Nc3 c6 5.e3 Nbd7 6.Qc2 Bd6 7.b3 Qe7
8.Bb2 O-O 9.Bd3 a6 10.h3 e5 11.dxe5 Nxe5 12.Nxe5 Bxe5 13.O-O
Bc7 14.Rae1 Qd6 15.f4 d4 16.Ne4 Nxe4 17.Bxe4 f5 18.Bd3 Bb6 19.b4
Qxb4 20.exd4 Bd7 21.c5 Bd8 22.Bc3 Qa3 23.Bc4+ Kh8 24.Rf3 b5 25.Be6
Bxe6 26.Rxe6 Bf6 27.Kh2 b4 28.Ba1 Qa5 29.Rxc6 Rae8 30.Qc4 b3
31.Qxb3 Qd2 32.Bc3 Qc1 33.d5 Bxc3 34.Qxc3 Qb1 35.Rc7 Rg8 36.Rg3
Re1 1-0

[Event "2nd League CS-East 2011"]
[Site ""]
[Date "2011.10.13"]
[Round "6.43"]
[White "Vlajic, Sasa"]
[Black "Pantic, Milivoje"]
[Result "1/2-1/2"]
[WhiteElo "2182"]
[BlackElo "2149"]
[PlyCount "0"]
[EventDate "2011.09.11"]

1.Nf3 Nf6 2.g3 b6 3.Bg2 Bb7 4.O-O c5 5.d4 g6 6.c4 cxd4 7.Qxd4
Bg7 8.Nc3 O-O 9.Qh4 d6 10.Bh6 Nbd7 11.Rac1 Rc8 12.Bxg7 Kxg7 13.Rfd1
h6 14.Qf4 a6 15.b3 Rc5 16.e4 b5 17.cxb5 axb5 18.b4 Rc4 19.Nd2
Rxb4 20.a3 Rb2 21.Rb1 Rxb1 22.Rxb1 Qa5 23.Nxb5 Ba6 24.Nc4 Qa4
25.Rb4 Qd1+ 26.Bf1 Bxb5 27.Rxb5 Rc8 28.Kg2 Qd4 29.e5 dxe5 30.Nxe5
Qd6 31.Nxd7 Qxd7 32.a4 Rc3 33.Be2 Ra3 34.Bf3 g5 35.Qb4 Qd6 36.Be2
Qc6+ 1/2-1/2

[Event "2nd League CS-East 2011"]
[Site ""]
[Date "2011.10.13"]
[Round "6.44"]
[White "Vulicevic, Bratimir"]
[Black "Tosic, Branislav"]
[Result "1/2-1/2"]
[WhiteElo "2146"]
[BlackElo "2244"]
[PlyCount "0"]
[EventDate "2011.09.11"]

1.d4 Nf6 2.Nf3 e6 3.c4 d5 4.Nc3 c6 5.cxd5 exd5 6.Bg5 Be7 7.Qc2
g6 8.e3 Bf5 9.Bd3 Bxd3 10.Qxd3 Nbd7 11.O-O O-O 12.a3 Re8 13.b4
a6 14.Nd2 Ne4 15.Bxe7 Qxe7 16.Ncxe4 dxe4 17.Qb3 Qe6 18.Qxe6 Rxe6
19.a4 Kf8 20.Nb3 Ke8 21.Nc5 Nxc5 22.bxc5 Rd8 23.Rab1 Rd7 1/2-1/2

[Event "2nd League CS-East 2011"]
[Site ""]
[Date "2011.10.13"]
[Round "6.45"]
[White "Floricelovic, Milos"]
[Black "Radosavljevic, Novica"]
[Result "0-1"]
[WhiteElo "2067"]
[BlackElo "2119"]
[PlyCount "0"]
[EventDate "2011.09.11"]

1.e4 e5 2.Nf3 d6 3.d4 Nf6 4.dxe5 Nxe4 5.Bc4 c6 6.O-O d5 7.Bd3
Be7 8.Re1 Nc5 9.Be2 O-O 10.b3 f6 11.Bb2 fxe5 12.Nxe5 Nbd7 13.Nd2
Nxe5 14.Bxe5 Bf6 15.Bf3 Bxe5 16.Rxe5 Qf6 17.Qe1 Bf5 18.Rc1 Ne4
19.Rxf5 Qxf5 20.Nxe4 dxe4 21.Bxe4 Qf6 22.f3 Rad8 23.Bd3 Rfe8
24.Qd2 Qd4+ 25.Kh1 Qe3 26.Qxe3 Rxe3 27.Kg1 Kf7 28.Rd1 Kf6 29.Kf2
Re7 30.a4 g5 31.g3 h5 32.Rg1 Rd4 33.Ra1 Re5 34.Rg1 Ke6 35.Rd1
Kd6 36.Ra1 Kc5 37.Rc1 a6 38.Kg2 a5 39.Kf2 b5 40.axb5 cxb5 41.Ra1
Kb4 42.Kg2 a4 43.bxa4 bxa4 44.Bg6 Kc3 45.Ra2 Re2+ 46.Kh3 g4+
47.fxg4 hxg4+ 48.Kh4 Rxh2+ 49.Kg5 Rh8 50.Bd3 Ra8 51.Kf5 Ra5+
52.Ke6 a3 53.Kf6 Rb4 54.Bf5 Rb6+ 55.Kg5 Rb2 56.Rxa3+ Rxa3 57.Kxg4
Kd4 58.Kf4 Rb4 59.g4 Kd5+ 60.Kg5 Ke5 61.Bg6 Ra5 62.Bf5 Rb8 63.Kh4
Kf4 64.Kh3 Rxf5 65.gxf5 Kxf5 0-1

[Event "2nd League CS-East 2011"]
[Site ""]
[Date "2011.10.13"]
[Round "6.47"]
[White "Dragic, Vladimir"]
[Black "Rakic, Ivan"]
[Result "1/2-1/2"]
[WhiteElo "2161"]
[BlackElo "2123"]
[PlyCount "0"]
[EventDate "2011.09.11"]

1.d4 g6 2.e4 Bg7 3.Nc3 c6 4.Nf3 d5 5.h3 dxe4 6.Nxe4 Bf5 7.Ng3
Be6 8.c3 Nf6 9.Bd3 Bd5 10.O-O Bxf3 11.Qxf3 O-O 12.Re1 Nbd7 13.Bc4
e6 14.Bb3 Qb6 15.Ne4 Nxe4 16.Qxe4 c5 17.dxc5 Nxc5 18.Qc2 Qc6
19.Be3 b5 20.Rad1 a5 21.a3 Rfd8 22.Rxd8+ Rxd8 23.Rd1 Rxd1+ 24.Qxd1
Nxb3 25.Qxb3 a4 26.Qd1 h5 27.Qd8+ Bf8 28.Bd4 Qd6 29.Qf6 e5 30.Qxe5
Qxe5 31.Bxe5 Bh6 32.f4 f6 33.Bb8 Kf7 34.Kf2 Ke6 35.Ke3 Kf5 36.Kd3 1/2-1/2

[Event "2nd League CS-East 2011"]
[Site ""]
[Date "2011.10.13"]
[Round "6.51"]
[White "Pavlovic, Dean"]
[Black "Jovic, Stanoje"]
[Result "1/2-1/2"]
[WhiteElo "2287"]
[BlackElo "2334"]
[PlyCount "0"]
[EventDate "2011.09.11"]

1.c4 Nf6 2.g3 c5 3.Bg2 Nc6 4.Nc3 g6 5.e3 Bg7 6.Nge2 O-O 7.O-O
d6 8.h3 Bd7 9.b3 a6 10.Bb2 Rb8 11.Nd5 1/2-1/2

[Event "2nd League CS-East 2011"]
[Site ""]
[Date "2011.10.13"]
[Round "6.52"]
[White "Stankovic, Ivan G"]
[Black "Panic, Milan"]
[Result "1/2-1/2"]
[WhiteElo "2201"]
[BlackElo "2265"]
[PlyCount "0"]
[EventDate "2011.09.11"]

1.Nf3 Nf6 2.c4 c5 3.Nc3 Nc6 4.e3 e6 5.d4 d5 6.Be2 Bd6 7.O-O O-O
8.dxc5 Bxc5 9.cxd5 exd5 10.b3 Re8 11.Bb2 a6 12.Na4 1/2-1/2

[Event "2nd League CS-East 2011"]
[Site ""]
[Date "2011.10.13"]
[Round "6.61"]
[White "Djokic, Nebojsa"]
[Black "Petkov, Vladimir"]
[Result "0-1"]
[WhiteElo "2203"]
[BlackElo "2511"]
[PlyCount "0"]
[EventDate "2011.09.11"]

1.e4 e5 2.Nf3 Nc6 3.Bb5 Nf6 4.O-O Nxe4 5.d4 Nd6 6.Bxc6 dxc6 7.dxe5
Nf5 8.Qxd8+ Kxd8 9.Nc3 Ke8 10.Ne2 h6 11.Rd1 Ne7 12.h3 Ng6 13.b3
a5 14.a4 Bf5 15.Ned4 Bd7 16.Re1 Bb4 17.Bd2 Bxd2 18.Nxd2 Ke7 19.Ne4
b6 20.Rad1 Rhd8 21.Ng3 Nf4 22.Re4 Ne6 23.Ngf5+ Kf8 24.Nxe6+ Bxe6
25.Red4 Rxd4 26.Nxd4 Bd7 27.f4 c5 28.Ne2 Bc6 29.c4 g5 30.g3 Ke7
31.Kf2 Ke6 32.Ke3 Rg8 33.Nc3 gxf4+ 34.Kxf4 Rg5 35.Nd5 Rf5+ 36.Kg4
h5+ 37.Kh4 Bxd5 38.Rxd5 Rf3 39.g4 hxg4 40.Kxg4 Rxb3 41.h4 Rb4
42.Rd8 Rxc4+ 43.Kg5 Rxa4 44.h5 Ra1 45.Re8+ Kd7 46.Rf8 Rg1+ 47.Kf6
Rf1+ 48.Kg5 c4 49.h6 c3 50.h7 c2 0-1

[Event "2nd League CS-East 2011"]
[Site ""]
[Date "2011.10.13"]
[Round "6.62"]
[White "Paunovic, Tomislav"]
[Black "Garic, Radomir"]
[Result "1/2-1/2"]
[WhiteElo "2349"]
[BlackElo "2265"]
[PlyCount "0"]
[EventDate "2011.09.11"]

1.d4 Nf6 2.c4 c5 3.Nf3 cxd4 4.Nxd4 e5 5.Nb5 d5 6.cxd5 Bc5 7.e3
O-O 8.N5c3 e4 9.a3 Re8 10.h3 Nbd7 11.b4 Bf8 12.Ra2 Nb6 13.Rd2
a5 14.d6 axb4 15.axb4 Bd7 16.Na3 h5 17.Be2 Re5 18.Bb2 Rg5 19.g3
Qe8 20.Nc4 Nxc4 21.Bxc4 Rc8 22.Bb3 Be6 23.Rd4 Bxb3 24.Qxb3 Rd8
25.Qc4 Rxd6 26.Nxe4 Nxe4 27.Rxe4 Qd7 28.Qc2 Rc6 29.Qb3 Qf5 30.Rd4
Qb1+ 31.Rd1 Qe4 32.O-O Rc2 33.Kh2 1/2-1/2

[Event "2nd League CS-East 2011"]
[Site ""]
[Date "2011.10.13"]
[Round "6.63"]
[White "Zivanovic, Nenad"]
[Black "Manic, Jovica"]
[Result "0-1"]
[WhiteElo "2185"]
[BlackElo "2238"]
[PlyCount "0"]
[EventDate "2011.09.11"]

1.e4 c6 2.Nf3 d5 3.d3 dxe4 4.Ng5 Nf6 5.Nxe4 Nxe4 6.dxe4 Qxd1+
7.Kxd1 e5 8.Be3 Be6 9.Nd2 Nd7 10.Bc4 Bxc4 11.Nxc4 O-O-O 12.Ke2
b5 13.Nd2 Bc5 14.Rhd1 Bxe3 15.Kxe3 Nc5 16.Nf3 f6 17.b3 Kc7 18.Ne1
a5 19.c3 Kb6 20.Nc2 a4 21.b4 Ne6 22.a3 g6 23.g3 f5 24.f3 f4+
25.Ke2 c5 26.Rxd8 Rxd8 27.Rd1 Rxd1 28.Kxd1 cxb4 29.axb4 fxg3
30.hxg3 h5 31.Ke2 g5 32.Na3 Kc6 33.Kf2 Ng7 34.Kg2 Ne8 35.Kf2
Nd6 36.Nc2 Nc4 37.Ke2 Kd6 38.Kf2 a3 39.Ke2 a2 40.Na1 Nb6 41.Nc2
Na4 42.Kf2 Nxc3 43.Ke3 Nd1+ 44.Ke2 h4 45.gxh4 gxh4 46.Na1 Ke6 0-1

[Event "2nd League CS-East 2011"]
[Site ""]
[Date "2011.10.13"]
[Round "6.64"]
[White "Todorovic, Bojan"]
[Black "Madjar, Stanislav"]
[Result "0-1"]
[WhiteElo "2288"]
[BlackElo "2173"]
[PlyCount "0"]
[EventDate "2011.09.11"]

1.d4 Nf6 2.c4 e6 3.Nc3 Bb4 4.Nf3 b6 5.Bg5 Bb7 6.Qc2 h6 7.Bh4
g5 8.Bg3 Ne4 9.Nd2 Bxc3 10.bxc3 f5 11.Be5 Rg8 12.f3 Nxd2 13.Qxd2
d6 14.Bg3 Nd7 15.e3 Qf6 16.c5 bxc5 17.Bb5 cxd4 18.cxd4 c6 19.Ba4
Nb6 20.Rb1 Ke7 21.O-O Rgc8 22.Rfc1 Rc7 23.Qb4 f4 24.e4 Qf8 25.Be1
Kf7 26.Qa5 Qd8 27.Bb3 Qf6 28.e5 dxe5 29.Rc5 Qd8 30.Rxe5 Nd5 31.Qc5
Rd7 32.Qc2 Kf6 33.Qe4 Qg8 34.Bb4 Re8 35.Re1 Bc8 36.Bc5 Rb7 37.h4
Qg6 38.Qe2 gxh4 39.Qf2 Qg3 40.Rh5 Rg7 41.Rxh6+ Kg5 0-1

[Event "2nd League CS-East 2011"]
[Site ""]
[Date "2011.10.13"]
[Round "6.65"]
[White "Ilic, Aleksandar"]
[Black "Nikolic, Boban"]
[Result "1/2-1/2"]
[WhiteElo "2138"]
[BlackElo "2215"]
[PlyCount "0"]
[EventDate "2011.09.11"]

1.e4 d6 2.d4 Nf6 3.Nc3 g6 4.f4 Bg7 5.Nf3 c5 6.dxc5 Qa5 7.Bb5+
Bd7 8.Bxd7+ Nbxd7 9.O-O Qxc5+ 10.Kh1 O-O 11.Qe1 b5 12.e5 dxe5
13.fxe5 Ng4 14.e6 Nde5 15.Qh4 Nxf3 16.gxf3 Nf6 17.Ne4 Nxe4 18.exf7+
Rxf7 19.Qxe4 Raf8 20.c3 Qh5 21.Be3 a5 22.Rae1 Be5 23.f4 Bd6 24.c4
bxc4 25.Qxc4 Qf5 26.Bd4 Rc8 27.Qe6 Qxe6 28.Rxe6 Rc2 29.Re4 Rc4
30.b3 Rb4 31.Kg2 Rf5 32.Rfe1 Bxf4 33.a3 Rxb3 34.Rxe7 Bh6 35.Re8+
Rf8 36.Bc5 Rb2+ 37.Kg1 Rxe8 38.Rxe8+ Kf7 39.Re7+ Kg8 1/2-1/2

[Event "2nd League CS-East 2011"]
[Site ""]
[Date "2011.10.13"]
[Round "6.66"]
[White "Ignjatovic, Miroslav K"]
[Black "Djukic, Slobodan D"]
[Result "1/2-1/2"]
[WhiteElo "2156"]
[BlackElo "2176"]
[PlyCount "0"]
[EventDate "2011.09.11"]

1.d4 Nf6 2.c4 g6 3.Nc3 Bg7 4.e4 d6 5.Be2 O-O 6.Bg5 h6 7.Be3 e5
8.d5 Na6 9.Qd2 Kh7 10.f3 Nc5 11.b4 Na6 12.Rb1 Qe7 13.g4 Nd7 14.Bd3
c5 15.a3 Nc7 16.Nge2 Qh4+ 17.Ng3 b6 18.Kf2 Nf6 19.h3 Bd7 20.Kg2
Ng8 21.bxc5 dxc5 22.a4 Na6 23.a5 Rfb8 24.Nb5 Qd8 25.h4 Bf8 26.h5
g5 27.axb6 axb6 28.Ra1 Nb4 29.Be2 f6 30.Qb2 Bxb5 31.cxb5 Bd6
32.Bd2 Ne7 33.Rxa8 Rxa8 34.Ra1 Ra5 35.Nf1 Qa8 36.Rxa5 bxa5 37.Ne3
Qd8 38.Nc4 Nc8 39.Qa3 Bc7 40.Qe3 Bb6 41.Qb3 Nd6 42.Nb2 Qc7 43.Bc4 1/2-1/2